00697 2200265 4500001002100000005001700021008004100038020001800079035002400097082001000121090002000131100001800151245007600169250001000245260004800255300001800303650001400321700002300335700001100358850001500369980001100384985000600395999001500401999001500416YOGYA-0209000003832220090227025343.0 ind  a979-719-223-7 0010-020900000038322 a231.3 a231.3bEli KlT aELIGIA CB, Sr aKarya-karya Roh KuduscSr.Eligia CB.; editor, Bert Tallulembang, Alfred aCet.1 aYogyakartabYayasan Pustaka Nusantarac2005 a80 hlmc19 cm aRoh Kudus aTattulembang, Bert aAlfred aYOPDYOG(B) a010506 a2 a05B0009517 a05B0009518